LEADER 00631nam a2200181 i 4500 001 000000103092 003 CaOOAMICUS 005 20260408092756.0 008 010914s1984 it u000 u ita u 040 $aSeMil$bita 245 10$a12: Orad-Pere. 300 $a1144 p. 773 0 $aBattaglia, Salvatore <1904-1971>$tGrande dizionario della lingua italiana.$dTorino : UTET, 1961-2009.$g12$w()6614 850 $aSeMil 852 $aSeMil$W1$xVenegono$y1$mSL1.A V 12$j269820$B59553$CSeMilBibl$Z2$F44042 $8I 961 $aSottoscrizione: UTET (Agente) 996 $6245$a12: Orad-Pere$9(OLS)http://semarc/title/149829